| 000 | 00587nam a2200205 a 4500 | ||
|---|---|---|---|
| 005 | 20140310183430.0 | ||
| 008 | 080107s19uu xx 00 eng d | ||
| 020 | _a0764125796 | ||
| 050 |
_aPN 161 _b.H57 2004 |
||
| 100 | _aHirschi, Heather L. | ||
| 245 |
_aCreative writing : _bthe easy way. / _cHeather L. Hirschi |
||
| 260 |
_aU.S.A : _bBarron's Educational Series, _c2004. |
||
| 300 |
_a168 p. : _c25 cm. |
||
| 650 |
_aAuthorship _xMarketing. |
||
| 650 | _aAuthorship. | ||
| 650 | _aCreative writing. | ||
| 650 | _aCreative writing. | ||
| 942 |
_cBK _2lcc _kFOR |
||
| 999 |
_c22717 _d22717 |
||